Čistírny městských odpadních vod /
Guardado en:
| Autor principal: | |
|---|---|
| Formato: | Libro |
| Lenguaje: | checo |
| Publicado: |
Praha:
Státní nakladatelství technické literatury,
1958
|
| Edición: | 1.vyd. |
| Colección: | Redakce stavební literatury
|
| Etiquetas: |
Sin Etiquetas, Sea el primero en etiquetar este registro!
|
MARC
| LEADER | 00000nam a22000003a 4500 | ||
|---|---|---|---|
| 001 | 0022893 | ||
| 003 | SK-STU | ||
| 005 | 20170322115642.3 | ||
| 007 | ta | ||
| 008 | 170322s ----xo-----e------000-0-----d | ||
| 040 | |a STU |b slo | ||
| 041 | 0 | |a cze |h cze | |
| 044 | |a xr | ||
| 100 | 1 | |a Klicman, Josef a kol. |4 aut |r Z6 | |
| 245 | 1 | 0 | |a Čistírny městských odpadních vod / |c aut. Josef a kol Klicman |
| 250 | |a 1.vyd. | ||
| 260 | |a Praha: |b Státní nakladatelství technické literatury, |c 1958 | ||
| 300 | |a 468 s. | ||
| 490 | 0 | |a Redakce stavební literatury | |
| 996 | |b 284V040227 |c V* 52445/O-23602 |l VVS |s A |a 24 |w 0022893_0001 | ||